header

SMST-2000 (Record no. 60885)

MARC details
000 -LEADER
fixed length control field 01595nam a2200325Ia 4500
245 10 - TITLE STATEMENT
Title SMST-2000
260 ## - PUBLICATION, DISTRIBUTION, ETC. (IMPRINT)
Place of publication Fremont, CA :
Name of publisher SMST, the International Organization on Shape Memory and Superelastic Technology,
Year of publication c2001.
300 ## - PHYSICAL DESCRIPTION
Number of Pages xiv, 720 p. :
Other physical details ill.
650 #0 - SUBJECT ADDED ENTRY--TOPICAL TERM
Topical Term Shape memory effect
Topical Term Alloys
700 1# - ADDED ENTRY--PERSONAL NAME
Personal name Russell, Scott M.
Personal name Pelton, Alan R.
856 40 - ELECTRONIC LOCATION AND ACCESS
Uniform Resource Identifier http://site.ebrary.com/lib/rucke/Doc?id=10320388

No items available.

© 2026 Rongo University
Contact us: librarian | system librarian | Rongo university